[Event "San Francisco TNM Marathon op"]
[Site "San Francisco"]
[Date "2012.08.07"]
[Round "2"]
[White "Wiggins, Nelson"]
[Black "Newey, Richard H"]
[Result "1-0"]
[WhiteElo "2044"]
[BlackElo "1721"]
[PlyCount "113"]
[EventDate "2012.07.31"]
[EventType "swiss"]
[EventRounds "9"]
[EventCountry "USA"]
[SourceTitle "EXT 2014"]
[Source "ChessBase"]
[SourceDate "2013.11.20"]
[SourceVersion "1"]
[SourceVersionDate "2013.11.20"]
[SourceQuality "1"]

1. d4 Nf6 2. c4 g6 3. Nc3 d5 4. cxd5 Nxd5 5. e4 Nxc3 6. bxc3 Bg7 7. Nf3 c5 8. Rb1 0-0 9. Be2 b6 10. Be3 Ba6 11. Bxa6 Nxa6 12. 0-0 Rc8 13. Qa4 cxd4 14. cxd4 Nc7 15. Qxa7 Ra8 16. Qxb6 Rxa2 17. d5 Qd6 18. Qxd6 exd6 19. Rfc1 Na6 20. Rc6 f5 21. exf5 Rxf5 22. Rxd6 Nb4 23. Rd8+ Rf8 24. Rd7 Bb2 25. h3 Nc2 26. Bh6 Re8 27. Rxb2 Rxb2 28. Rg7+ Kh8 29. Ng5 Rf8 30. d6 Nd4 31. Rxh7+ Kg8 32. Rg7+ Kh8 33. Rxg6 Ne2+ 34. Kh2 Nf4 35. Bxf8 Nxg6 36. d7 Rd2 37. d8Q Rxd8 38. Nf7+ Kg8 39. Nxd8 Nxf8 40. g4 Ng6 41. Kg3 Kg7 42. f4 Kf6 43. h4 Ke7 44. Nc6+ Kd6 45. Nd4 Kd5 46. Nf3 Ke4 47. f5 Nf4 48. Ng1 Ke5 49. Kf3 Nd3 50. Ke3 Nb4 51. Nf3+ Kf6 52. Kf4 Na6 53. g5+ Ke7 54. f6+ Ke6 55. Nd4+ Kf7 56. Kf5 Kg8 57. g6 1-0